Văn xuôi lãng mạn Việt Nam ( 1930 - 1945 ) T.5

Gorde:
Xehetasun bibliografikoak
Egile nagusia: Nguyễn Hoàng Khung (sưu tầm, biên soạn)
Formatua: Liburua
Argitaratua: H. Khoa học xã hội 1989
Gaiak:
Etiketak: Etiketa erantsi
Etiketarik gabe, Izan zaitez lehena erregistro honi etiketa jartzen!
Thư viện lưu trữ: Trung tâm Học liệu Lê Vũ Hùng, Trường Đại học Đồng Tháp
LEADER 00751pam a22002298a 4500
001 00019654
005 20180907150941.0
008 110507s1989 ||||||Viesd
041 0 # |a Vie 
082 1 # |a 895.922 332  |b V115X 
100 0 # |a Nguyễn Hoàng Khung  |e sưu tầm, biên soạn 
245 0 0 |a Văn xuôi lãng mạn Việt Nam ( 1930 - 1945 )  |c Nguyễn Hoàng Khung  |n T.5 
260 # # |a H.  |b Khoa học xã hội  |c 1989 
300 # # |c 19 cm.  |a 476 tr. 
650 # # |a Văn xuôi 
653 # # |a 1930 - 1945 
653 # # |a Việt Nam 
653 # # |a Văn học 
852 # # |b Kho đọc  |j KD.0004803 
852 # # |j KD.0004803 
910 |d 07/05/2011 
980 # # |a Trung tâm Học liệu Lê Vũ Hùng, Trường Đại học Đồng Tháp